Normal view
MARC view
- White, Jenny B.
Entry Personal Name
001 - CONTROL NUMBER
- control field: 7623
003 - CONTROL NUMBER IDENTIFIER
- control field: NUST
005 - DATE AND TIME OF LATEST TRANSACTION
- control field: 20171227094749.0
008 - FIXED-LENGTH DATA ELEMENTS
- fixed length control field: 171227|| aca||aabn | a|a d
040 ## - CATALOGING SOURCE
- Original cataloging agency: NUST
- Transcribing agency: NUST
100 ## - HEADING--PERSONAL NAME
- Personal name: White, Jenny B.
- Fuller form of name: (Jenny Barbara),
- Dates associated with a name: 1953-
670 ## - SOURCE DATA FOUND
- Source citation: Work cat.: (NUST)0: White, Jenny B. (Jenny Barbara), 1953-, The Abyssinian proof /, 2008.
